000
00264nam a22001217a 4500
008
170420b xxu||||| |||| 00| 0 eng d
041
_a
eng
080
_2
3 ED
_a
573
100
_a
11
101
_a
SHM
245
_a
BIOLOGY OF PLANTS
_c
RAVEN.PH
942
_2
udc
_c
BK
999
_c
11375
_d
11375